| LEADER | 00444cam a2200157 7i4500 | ||
|---|---|---|---|
| 001 | 0000011213 | ||
| 005 | 20020710090000.0 | ||
| 090 | 0 | 0 | |a ASIA 973.0495073 |b ASI |
| 245 | 0 | 0 | |a Asian/ American who's who. |
| 260 | 0 | 0 | |a Delhi: |b Rifacimento International, |c 2002. |
| 300 | # | # | |a 864 p. |
| 650 | 0 | 0 | |a Asians -- |x Biography |
| 650 | 0 | 0 | |a Americans -- |x Biography |
| 651 | 0 | 0 | |a Asia |
| 651 | 0 | 0 | |a America |
| 999 | |a 0000013301 |b Book |c Countries |e Business Information Centre | ||